[Event "BL2 Sued 1213 (Women)"]
[Site "Germany"]
[Date "2012.12.02"]
[Round "4.4"]
[White "Baumstark, Gertrude"]
[Black "Froehlich Dill, Astrid"]
[Result "1/2-1/2"]
[WhiteElo "2005"]
[BlackElo "1931"]
[PlyCount "46"]
[EventDate "2012.10.06"]
[EventType "team-tourn"]
[EventRounds "7"]
[EventCountry "GER"]
[SourceTitle "EXT 2018"]
[Source "ChessBase"]
[SourceDate "2017.10.13"]
[SourceVersion "1"]
[SourceVersionDate "2017.10.13"]
[SourceQuality "1"]
[WhiteTeam "Augsburg SG (W)"]
[BlackTeam "Hofheim (W)"]
[WhiteTeamCountry "GER"]
[BlackTeamCountry "GER"]

1. e4 c5 2. Nf3 Nc6 3. d4 cxd4 4. Nxd4 e6 5. Be2 Qb6 6. Nb5 Bc5 7. 0-0 Nd4 8. Nxd4 Bxd4 9. Nd2 Bc5 10. Nc4 Qc7 11. e5 b5 12. Nd6+ Bxd6 13. exd6 Qb8 14. Qd4 Nf6 15. Bg5 0-0 16. Bxf6 gxf6 17. Qxf6 Bb7 18. Rad1 Qd8 19. Qe7 Bc6 20. Bf3 Bxf3 21. gxf3 Re8 22. Qxd8 Rexd8 23. Rd4 f5 1/2-1/2

[Event "BL2 Sued 1112 (Women)"]
[Site "Germany"]
[Date "2012.02.12"]
[Round "7.3"]
[White "Dirmeier, Carolin"]
[Black "Baumstark, Gertrude"]
[Result "1-0"]
[WhiteElo "2055"]
[BlackElo "2021"]
[PlyCount "47"]
[EventDate "2011.10.29"]
[EventType "team-tourn"]
[EventRounds "7"]
[EventCountry "GER"]
[SourceTitle "EXT 2013"]
[Source "ChessBase"]
[SourceDate "2012.11.22"]
[SourceVersion "1"]
[SourceVersionDate "2012.11.22"]
[SourceQuality "1"]
[WhiteTeam "Bayern Muenchen (W)"]
[BlackTeam "Augsburg (W)"]
[WhiteTeamCountry "GER"]
[BlackTeamCountry "GER"]

1. e4 c5 2. Nf3 Nc6 3. d4 cxd4 4. Nxd4 Nf6 5. Nc3 e5 6. Ndb5 d6 7. Bg5 a6 8. Na3 Be6 9. Bxf6 gxf6 10. Bc4 h5 11. Nd5 Bxd5 12. Bxd5 Qa5+ 13. c3 0-0-0 14. Bxf7 d5 15. Qb3 Nd4 16. Qd1 dxe4 17. Nc4 Nf3+ 18. Qxf3 exf3 19. Nxa5 fxg2 20. Rg1 Bh6 21. Nb3 a5 22. Nxa5 Bd2+ 23. Ke2 Bf4 24. Nc4 1-0

[Event "BL2 Sued 1112 (Women)"]
[Site "Germany"]
[Date "2011.11.27"]
[Round "4.3"]
[White "Baumstark, Gertrude"]
[Black "Biebinger, Eva"]
[Result "0-1"]
[WhiteElo "2021"]
[BlackElo "1858"]
[PlyCount "56"]
[EventDate "2011.10.29"]
[EventType "team-tourn"]
[EventRounds "7"]
[EventCountry "GER"]
[SourceTitle "EXT 2013"]
[Source "ChessBase"]
[SourceDate "2012.11.22"]
[SourceVersion "1"]
[SourceVersionDate "2012.11.22"]
[SourceQuality "1"]
[WhiteTeam "Augsburg (W)"]
[BlackTeam "Mutterstadt (W)"]
[WhiteTeamCountry "GER"]
[BlackTeamCountry "GER"]

1. e4 d5 2. exd5 Qxd5 3. Nc3 Qa5 4. d4 c6 5. Nf3 Bf5 6. Bc4 e6 7. Bd2 Qc7 8. Bb3 Nd7 9. Qe2 Be7 10. h3 h6 11. 0-0-0 0-0-0 12. g4 Bh7 13. Ne5 Nxe5 14. dxe5 g5 15. f4 Kb8 16. Rhf1 gxf4 17. Bxf4 Rxd1+ 18. Qxd1 Bg6 19. Rf2 Bg5 20. Bxg5 hxg5 21. Bxe6 Nh6 22. Bf5 Bxf5 23. gxf5 Qxe5 24. Rd2 Kc8 25. f6 Qf4 26. Kb1 Qxf6 27. Ne4 Qe7 28. Nd6+ Kc7 0-1

[Event "BL2 Sued 1011 (Women)"]
[Site "Germany"]
[Date "2011.01.09"]
[Round "5.3"]
[White "Spiel, Marianne"]
[Black "Baumstark, Gertrude"]
[Result "1-0"]
[WhiteElo "2030"]
[BlackElo "2029"]
[PlyCount "57"]
[EventDate "2010.11.06"]
[EventType "team-tourn"]
[EventRounds "7"]
[EventCountry "GER"]
[SourceTitle "EXT 2012"]
[Source "ChessBase"]
[SourceDate "2011.11.24"]
[SourceVersion "1"]
[SourceVersionDate "2011.11.24"]
[SourceQuality "1"]
[WhiteTeam "Bayern Muenchen (W)"]
[BlackTeam "Augsburg (W)"]
[WhiteTeamCountry "GER"]
[BlackTeamCountry "GER"]

1. e4 c5 2. Nf3 Nc6 3. d4 cxd4 4. Nxd4 Nf6 5. Nc3 e5 6. Ndb5 d6 7. Bg5 a6 8. Bxf6 gxf6 9. Na3 Bg7 10. Nc4 Nd4 11. Nd5 Be6 12. Ndb6 Bxc4 13. Nxc4 d5 14. exd5 Qxd5 15. c3 Qe4+ 16. Ne3 Nf5 17. Bd3 Nxe3 18. Bxe4 Nxd1 19. Rxd1 Rb8 20. Ke2 0-0 21. Rd7 b5 22. Rhd1 a5 23. Ra7 a4 24. Rdd7 Rbd8 25. Rxd8 Rxd8 26. Ra8 Rxa8 27. Bxa8 Bh6 28. Kd3 f5 29. f3 1-0

[Event "BL2 Sued 1011 (Women)"]
[Site "Germany"]
[Date "2010.11.06"]
[Round "1.5"]
[White "Schlich, Mara"]
[Black "Baumstark, Gertrude"]
[Result "1/2-1/2"]
[WhiteElo "1717"]
[BlackElo "2029"]
[PlyCount "35"]
[EventDate "2010.11.06"]
[EventType "team-tourn"]
[EventRounds "7"]
[EventCountry "GER"]
[SourceTitle "EXT 2012"]
[Source "ChessBase"]
[SourceDate "2011.11.24"]
[SourceVersion "1"]
[SourceVersionDate "2011.11.24"]
[SourceQuality "1"]
[WhiteTeam "Handschuhsheim (W)"]
[BlackTeam "Augsburg (W)"]
[WhiteTeamCountry "GER"]
[BlackTeamCountry "GER"]

1. d4 d5 2. c4 c6 3. Nc3 Nf6 4. Nf3 Bf5 5. e3 e6 6. cxd5 cxd5 7. Bb5+ Nc6 8. Ne5 Rc8 9. Qa4 Qb6 10. 0-0 Bd6 11. Bd3 Bxd3 12. Nxd3 0-0 13. Ne2 Nb4 14. Nxb4 Bxb4 15. Qb3 Rc4 16. a3 Ba5 17. Qxb6 Bxb6 18. Nc3 1/2-1/2

[Event "BL2 Gr02 0506 (Women)"]
[Site "Germany"]
[Date "2006.01.22"]
[Round "5.1"]
[White "Zakurdjaeva, Irina"]
[Black "Baumstark, Gertrude"]
[Result "1-0"]
[WhiteElo "2266"]
[BlackElo "1988"]
[PlyCount "67"]
[EventDate "2005.10.29"]
[EventType "team-tourn"]
[EventRounds "7"]
[EventCountry "GER"]
[SourceTitle "EXT 2007"]
[Source "ChessBase"]
[SourceDate "2006.11.23"]
[SourceVersion "1"]
[SourceVersionDate "2006.11.23"]
[SourceQuality "1"]
[WhiteTeam "Bad Koenigshofen"]
[BlackTeam "Augsburg"]
[WhiteTeamCountry "GER"]
[BlackTeamCountry "GER"]

1. e4 c5 2. Nf3 Nc6 3. d4 cxd4 4. Nxd4 Nf6 5. Nc3 e5 6. Ndb5 d6 7. Bg5 a6 8. Na3 b5 9. Nd5 Be7 10. Bxf6 Bxf6 11. c3 Bg5 12. Nc2 0-0 13. Bd3 Ne7 14. Nxe7+ Qxe7 15. h4 Bh6 16. Qh5 f5 17. 0-0 Bb7 18. exf5 e4 19. Rfe1 Qe5 20. Nd4 Rf6 21. Qg4 Re8 22. f3 exd3 23. Rxe5 Rxe5 24. Kf1 Bd5 25. b3 d2 26. Rd1 Re3 27. Rxd2 Rxc3 28. Re2 Be3 29. Nc2 Bb6 30. Re8+ Rf8 31. f6 g6 32. Qd7 Bf7 33. Rxf8+ Kxf8 34. Qxd6+ 1-0

[Event "BL2 Gr2 0304 (Women)"]
[Site "Germany"]
[Date "2004.03.14"]
[Round "7.1"]
[White "Ankerst, Milka"]
[Black "Baumstark, Gertrude"]
[Result "1-0"]
[WhiteElo "2127"]
[BlackElo "2109"]
[PlyCount "105"]
[EventDate "2003.10.25"]
[EventType "team-tourn"]
[EventRounds "7"]
[EventCountry "GER"]
[SourceTitle "EXT 2006"]
[Source "ChessBase"]
[SourceDate "2005.11.24"]
[SourceVersion "1"]
[SourceVersionDate "2005.11.24"]
[SourceQuality "1"]
[WhiteTeam "Bayern Muenchen (W)"]
[BlackTeam "Augsburg (W)"]
[WhiteTeamCountry "GER"]
[BlackTeamCountry "GER"]

1. e4 c5 2. Nf3 Nc6 3. Bb5 g6 4. 0-0 Bg7 5. c3 Nf6 6. Re1 0-0 7. d4 cxd4 8. cxd4 d5 9. e5 Ne4 10. h3 f6 11. exf6 exf6 12. Nc3 Nxc3 13. bxc3 Re8 14. Rxe8+ Qxe8 15. Ba3 Be6 16. Qb3 Qc8 17. Re1 a6 18. Bd3 Qd7 19. Qb6 Re8 20. Nd2 Bh6 21. Nb3 Bf5 22. Rxe8+ Qxe8 23. Bf1 Bc8 24. Qc7 Qd8 25. Qxd8+ Nxd8 26. Be7 Ne6 27. Bxf6 b6 28. g3 Kf7 29. Be5 Ng5 30. c4 Nf3+ 31. Kg2 Nxe5 32. dxe5 Be6 33. c5 bxc5 34. Nxc5 d4 35. a4 Bd5+ 36. Kg1 Bf8 37. Nxa6 Be4 38. Bc4+ Ke8 39. Nc7+ Kd7 40. Nb5 d3 41. Nc3 d2 42. Bb3 Bf3 43. Bd1 Bb4 44. Bxf3 Bxc3 45. Bd1 Bxe5 46. f4 Bc3 47. Kf2 Kd6 48. Ke3 Kc5 49. Ke4 Kc4 50. g4 Bb4 51. Ke5 Bc5 52. f5 gxf5 53. gxf5 1-0

[Event "BL2 Gr2 0304 (Women)"]
[Site "Germany"]
[Date "2003.10.24"]
[Round "5.1"]
[White "Baumstark, Gertrude"]
[Black "Korenova, Martina"]
[Result "1/2-1/2"]
[WhiteElo "2109"]
[BlackElo "2191"]
[PlyCount "70"]
[EventDate "2003.10.25"]
[EventType "team-tourn"]
[EventRounds "7"]
[EventCountry "GER"]
[SourceTitle "EXT 2006"]
[Source "ChessBase"]
[SourceDate "2005.11.24"]
[SourceVersion "1"]
[SourceVersionDate "2005.11.24"]
[SourceQuality "1"]
[WhiteTeam "Augsburg (W)"]
[BlackTeam "Rodewisch (W) II"]
[WhiteTeamCountry "GER"]
[BlackTeamCountry "GER"]

1. e4 e5 2. Nf3 Nf6 3. d4 Nxe4 4. Bd3 d5 5. Nxe5 Be7 6. 0-0 0-0 7. Nd2 f6 8. Nef3 f5 9. c4 c6 10. Qb3 Kh8 11. Ne5 b6 12. cxd5 cxd5 13. Ndf3 Bb7 14. Bd2 Nxd2 15. Nxd2 Nd7 16. Ndf3 Nxe5 17. Nxe5 Bd6 18. f4 Qh4 19. Rae1 Rae8 20. Nf7+ Kg8 21. g3 Qf6 22. Nxd6 Rxe1 23. Rxe1 Qxd6 24. Bb5 a6 25. Bf1 g6 26. a3 Kf7 27. Qe3 b5 28. Qe5 Qxe5 29. Rxe5 Rc8 30. Bd3 Rc1+ 31. Kg2 Rd1 32. Re3 Rd2+ 33. Kh3 Rxb2 34. Bf1 g5 35. Rc3 Ke6 1/2-1/2

[Event "ROM-chT"]
[Site "Baile Tusnad"]
[Date "1997.??.??"]
[Round "?"]
[White "Baumstark, Gertrude"]
[Black "Iosif, Cristina S"]
[Result "0-1"]
[WhiteElo "2125"]
[BlackElo "2195"]
[PlyCount "72"]
[EventDate "1997.??.??"]
[EventType "team-tourn"]
[EventRounds "5"]
[EventCountry "ROU"]
[SourceTitle "EXT 1999"]
[Source "ChessBase"]
[SourceDate "1998.11.16"]
[SourceVersion "1"]
[SourceVersionDate "1998.11.16"]
[SourceQuality "1"]

1. e4 c5 2. Nf3 e6 3. d4 cxd4 4. Nxd4 Nf6 5. Nc3 d6 6. Be2 a6 7. 0-0 Be7 8. f4 Qc7 9. Kh1 0-0 10. Be3 b5 11. e5 Ne8 12. Bd3 dxe5 13. fxe5 Bb7 14. Qh5 g6 15. Qh3 Qxe5 16. Rae1 Ng7 17. Nf3 Qh5 18. Qxh5 Nxh5 19. Bh6 Ng7 20. Ne5 f5 21. Nf3 Bf6 22. Bxg7 Kxg7 23. Rxe6 Nd7 24. Rd6 Nc5 25. Nd5 Bxb2 26. Nc7 Rad8 27. Rb6 Rf6 28. Rxf6 Kxf6 29. Re1 Ne4 30. Bxe4 fxe4 31. Ng5 Rc8 32. Nce6 Rxc2 33. h4 Rc1 34. Rxc1 Bxc1 35. Nd8 Bd5 36. Nxh7+ Ke7 0-1

[Event "ROM-chT"]
[Site "Baile Herculane"]
[Date "1996.??.??"]
[Round "?"]
[White "Baumstark, Gertrude"]
[Black "Olarasu, Gabriela"]
[Result "1/2-1/2"]
[WhiteElo "2125"]
[BlackElo "2295"]
[PlyCount "105"]
[EventDate "1996.??.??"]
[EventType "team"]
[EventRounds "5"]
[EventCountry "ROU"]
[SourceTitle "CBM 056 Extra"]
[Source "ChessBase"]
[SourceDate "1997.03.01"]
[SourceVersion "1"]
[SourceVersionDate "1997.03.01"]
[SourceQuality "1"]

1. e4 e5 2. Nf3 Nc6 3. Bb5 a6 4. Ba4 d6 5. c3 Nf6 6. d4 Bd7 7. 0-0 Be7 8. dxe5 Nxe5 9. Nxe5 dxe5 10. Nd2 0-0 11. Nf3 b5 12. Bc2 Bd6 13. Bg5 h6 14. Bh4 Qe7 15. h3 Rfd8 16. Qe2 Be6 17. Bb3 c6 18. Rfd1 Bc7 19. Bxf6 Qxf6 20. Nh2 Bxb3 21. axb3 a5 22. Rxd8+ Rxd8 23. Rd1 Qe6 24. Rxd8+ Bxd8 25. Qd3 Bb6 26. c4 bxc4 27. bxc4 Bd4 28. b3 Qd6 29. Qc2 Qa3 30. Nf3 Qa1+ 31. Kh2 Qc3 32. Qxc3 Bxc3 33. Kg1 Kf8 34. Kf1 Ke7 35. Ke2 Kd6 36. Kd3 Ba1 37. Ne1 Kc5 38. Nc2 Bb2 39. f3 h5 40. g4 g6 41. gxh5 gxh5 42. Ne1 Bd4 43. Nc2 Bg1 44. Kc3 Bf2 45. Kd3 Kd6 46. Ke2 Bg1 47. Ne1 Kc5 48. Kd3 Bf2 49. Nc2 Kd6 50. Ke2 Bc5 51. Ne1 Bg1 52. Nd3 Bd4 53. Kd2 1/2-1/2

[Event "ROM-chT"]
[Site "Baile Herculane"]
[Date "1996.??.??"]
[Round "?"]
[White "Manu, Alina"]
[Black "Baumstark, Gertrude"]
[Result "1/2-1/2"]
[WhiteElo "2060"]
[BlackElo "2125"]
[PlyCount "28"]
[EventDate "1996.??.??"]
[EventType "team"]
[EventRounds "5"]
[EventCountry "ROU"]
[SourceTitle "CBM 056 Extra"]
[Source "ChessBase"]
[SourceDate "1997.03.01"]
[SourceVersion "1"]
[SourceVersionDate "1997.03.01"]
[SourceQuality "1"]

1. e4 c5 2. Nc3 Nc6 3. f4 g6 4. b3 Bg7 5. Bb2 d6 6. Bb5 Bd7 7. Nf3 Nd4 8. Bxd7+ Qxd7 9. 0-0 Nh6 10. Rb1 0-0 11. Nd5 e6 12. Ne3 f5 13. exf5 Nhxf5 14. Nxf5 Nxf3+ 1/2-1/2

[Event "ROM-chT (Women)"]
[Site "Calarasi"]
[Date "1995.??.??"]
[Round "7"]
[White "Baumstark, Gertrude"]
[Black "Stjazhkina, Olga"]
[Result "0-1"]
[WhiteElo "2090"]
[BlackElo "2355"]
[PlyCount "70"]
[EventDate "1995.??.??"]
[EventType "team-tourn"]
[EventRounds "9"]
[EventCountry "ROU"]
[SourceTitle "EXT 1999"]
[Source "ChessBase"]
[SourceDate "1998.11.16"]
[SourceVersion "1"]
[SourceVersionDate "1998.11.16"]
[SourceQuality "1"]

1. e4 e5 2. Nf3 Nc6 3. Bb5 f5 4. d3 fxe4 5. dxe4 Nf6 6. 0-0 Bc5 7. Nc3 d6 8. Bg5 0-0 9. Qd3 Be6 10. a3 Qe8 11. Bc4 Bxc4 12. Qxc4+ Kh8 13. b4 Bb6 14. a4 Nd4 15. Nxd4 Bxd4 16. Bxf6 Rxf6 17. Nd5 Qf7 18. Qe2 Bxa1 19. Nxf6 Bd4 20. Nd5 c6 21. Ne3 a5 22. b5 Qa2 23. bxc6 bxc6 24. Nf5 Qxa4 25. Qg4 g6 26. Nxd6 Rf8 27. Kh1 Qxc2 28. Qd7 Qe2 29. Rb1 Qxf2 30. h3 a4 31. Ne8 Qf7 32. Qxf7 Rxf7 33. Rb4 Ra7 34. Rb8 a3 35. g4 a2 0-1

[Event "Baile Herculane (Women)"]
[Site "Baile Herculane"]
[Date "1994.??.??"]
[Round "4"]
[White "Andreescu, Aurora Nicoleta"]
[Black "Baumstark, Gertrude"]
[Result "1-0"]
[WhiteElo "2085"]
[BlackElo "2135"]
[PlyCount "59"]
[EventDate "1994.??.??"]
[EventType "tourn"]
[EventRounds "11"]
[EventCountry "ROU"]
[SourceTitle "EXT 1997"]
[Source "ChessBase"]
[SourceDate "1996.11.15"]
[SourceVersion "1"]
[SourceVersionDate "1996.11.15"]
[SourceQuality "1"]

1. e4 c5 2. Nf3 Nc6 3. d4 cxd4 4. Nxd4 Nf6 5. Nc3 e5 6. Ndb5 d6 7. Bg5 a6 8. Na3 b5 9. Bxf6 gxf6 10. Nd5 f5 11. g3 fxe4 12. Bg2 Be6 13. Bxe4 Rc8 14. Qh5 b4 15. Nc4 Nd4 16. Nce3 Bg7 17. 0-0 a5 18. c3 Nc6 19. Rfd1 Kf8 20. f4 Ne7 21. fxe5 Bxe5 22. Rf1 bxc3 23. bxc3 Rxc3 24. Nxc3 Bxc3 25. Rac1 Bd4 26. Qh6+ Kg8 27. Kg2 Qb6 28. Nf5 Nxf5 29. Bxf5 Bxf5 30. Rxf5 1-0

[Event "ROM-chT"]
[Site "Romania"]
[Date "1994.??.??"]
[Round "?"]
[White "Baumstark, Gertrude"]
[Black "Olarasu, Gabriela"]
[Result "0-1"]
[WhiteElo "2135"]
[BlackElo "2250"]
[PlyCount "82"]
[EventDate "1994.??.??"]
[EventType "team-tourn"]
[EventRounds "10"]
[EventCountry "ROU"]
[SourceTitle "EXT 1997"]
[Source "ChessBase"]
[SourceDate "1996.11.15"]
[SourceVersion "1"]
[SourceVersionDate "1996.11.15"]
[SourceQuality "1"]

1. e4 e5 2. Nf3 d6 3. d4 exd4 4. Nxd4 Nf6 5. Bd3 Be7 6. c4 0-0 7. Nc3 c6 8. 0-0 a6 9. a4 a5 10. h3 Na6 11. Bf4 Qb6 12. Nb3 Nd7 13. Be3 Ndc5 14. Nxc5 Nxc5 15. Qc2 Qb4 16. Rfb1 Be6 17. b3 Bf6 18. Na2 Qb6 19. b4 axb4 20. Rxb4 Qxb4 21. Nxb4 Bxa1 22. Be2 Nxa4 23. f4 Nc3 24. Bd3 b5 25. Nxc6 bxc4 26. Bf1 Ra2 27. Qc1 Rfa8 28. Qe1 Nxe4 29. Bd4 Bxd4+ 30. Nxd4 d5 31. Qb4 Ng3 32. Qb7 h6 33. f5 Nxf5 34. Nxf5 Bxf5 35. Qxd5 Be6 36. Qf3 Ra1 37. Kh2 R8a3 38. Qf4 Ra4 39. Be2 R1a2 40. Bf3 c3 41. Be4 Rc4 0-1

[Event "ROM-chT"]
[Site "Romania"]
[Date "1993.??.??"]
[Round "5"]
[White "Iosif, Cristina S"]
[Black "Baumstark, Gertrude"]
[Result "1-0"]
[WhiteElo "2195"]
[BlackElo "2160"]
[PlyCount "149"]
[EventDate "1993.??.??"]
[EventType "team-tourn"]
[EventRounds "9"]
[EventCountry "ROU"]
[SourceTitle "EXT 1998"]
[Source "ChessBase"]
[SourceDate "1997.11.17"]
[SourceVersion "1"]
[SourceVersionDate "1997.11.17"]
[SourceQuality "1"]

1. e4 c5 2. Nf3 Nc6 3. d4 cxd4 4. Nxd4 Nf6 5. Nc3 e5 6. Ndb5 d6 7. Bg5 a6 8. Na3 b5 9. Bxf6 gxf6 10. Nd5 Bg7 11. c3 f5 12. exf5 Bxf5 13. Nc2 Be6 14. g3 0-0 15. Bg2 Rc8 16. 0-0 Ne7 17. Nce3 Nxd5 18. Bxd5 Bh3 19. Re1 Qg5 20. Bg2 Bxg2 21. Nxg2 d5 22. Qxd5 Rcd8 23. Qf3 Rd2 24. Re2 Rfd8 25. h4 Qg6 26. Rxd2 Rxd2 27. a4 Rxb2 28. axb5 Rb1+ 29. Rxb1 Qxb1+ 30. Kh2 axb5 31. Qa8+ Bf8 32. Qe8 e4 33. Ne3 Qd3 34. Ng4 Qf3 35. Qxe4 Qxe4 36. Nf6+ Kg7 37. Nxe4 f5 38. Ng5 b4 39. cxb4 Bxb4 40. Kg2 h6 41. Nh3 Bd2 42. Kf3 Kf6 43. Ke2 Bc1 44. Kd3 Ke5 45. Ng1 Ba3 46. f3 Bc5 47. Nh3 Bb6 48. Nf4 Bf2 49. Nh5 Kd5 50. Ke2 Bd4 51. Nf4+ Ke5 52. Nd3+ Ke6 53. h5 Kf6 54. f4 Ke6 55. Kf3 Kf6 56. g4 fxg4+ 57. Kxg4 Bb6 58. Ne5 Bc7 59. Nc4 Bb8 60. Nd2 Bc7 61. Ne4+ Ke6 62. Ng3 Bd6 63. Kf3 Kd5 64. Nf5 Bf8 65. Ke3 Ke6 66. Ng3 Bc5+ 67. Ke4 Bf8 68. Nf5 Kf6 69. Ne3 Ke6 70. Nc4 Bg7 71. Ne5 Kf6 72. Ng6 Ke6 73. Nh4 Kf6 74. Kd5 Kf7 75. Nf5 1-0

[Event "ROM-chT"]
[Site "Romania"]
[Date "1992.??.??"]
[Round "?"]
[White "Baumstark, Gertrude"]
[Black "Iosif, Cristina S"]
[Result "0-1"]
[WhiteElo "2185"]
[BlackElo "2140"]
[PlyCount "64"]
[EventDate "1992.??.??"]
[EventType "team"]
[EventRounds "9"]
[EventCountry "ROU"]
[SourceTitle "EXT 1997"]
[Source "ChessBase"]
[SourceDate "1996.11.15"]
[SourceVersion "1"]
[SourceVersionDate "1996.11.15"]
[SourceQuality "1"]

1. e4 c5 2. Nf3 d6 3. Nc3 e6 4. d4 cxd4 5. Qxd4 Nc6 6. Bb5 Bd7 7. Qd3 a6 8. Bxc6 Bxc6 9. Bf4 Be7 10. 0-0-0 e5 11. Be3 Qc7 12. Qc4 Rc8 13. Ng5 Bxg5 14. Bxg5 h6 15. Be3 Nf6 16. f3 0-0 17. g4 b5 18. Qb3 a5 19. g5 Nh5 20. Rd2 Qb7 21. Rxd6 b4 22. Na4 hxg5 23. Nb6 Rb8 24. Rg1 Qc7 25. Rxc6 Qxc6 26. Nd5 Qe6 27. Bxg5 Rfe8 28. Qe3 a4 29. Nc7 Qxa2 30. Nxe8 Rxe8 31. f4 f6 32. Bh6 Rd8 0-1

[Event "Primorsko op"]
[Site "Primorsko"]
[Date "1989.??.??"]
[Round "?"]
[White "Zinina, Z."]
[Black "Baumstark, Gertrude"]
[Result "0-1"]
[WhiteElo "2195"]
[BlackElo "2180"]
[PlyCount "74"]
[EventDate "1989.??.??"]
[EventType "swiss"]
[EventRounds "11"]
[EventCountry "BUL"]
[SourceTitle "EXT 1998"]
[Source "ChessBase"]
[SourceDate "1997.11.17"]
[SourceVersion "1"]
[SourceVersionDate "1997.11.17"]
[SourceQuality "1"]

1. e4 c5 2. c3 Nf6 3. e5 Nd5 4. d4 cxd4 5. Nf3 Nc6 6. cxd4 d6 7. Bc4 Nb6 8. Bb5 dxe5 9. Nxe5 Bd7 10. Nxd7 Qxd7 11. 0-0 e6 12. Qg4 h5 13. Qf3 a6 14. Bxc6 Qxc6 15. Qe2 Be7 16. Nc3 Nd5 17. Bd2 Nf6 18. Rfd1 0-0 19. Bg5 Rfd8 20. Rac1 Qe8 21. d5 exd5 22. Bxf6 Bxf6 23. Qxh5 d4 24. Nd5 Qe5 25. Nxf6+ Qxf6 26. Rd3 Rac8 27. Rcd1 Rc2 28. Rf3 Qe6 29. Qh4 f6 30. Rh3 Rd7 31. Qf4 Qe8 32. Rhd3 Qe5 33. Qxe5 fxe5 34. Rb3 e4 35. Rb4 a5 36. Rb3 d3 37. f3 e3 0-1

[Event "Halle (Women) 21th"]
[Site "Halle"]
[Date "1987.??.??"]
[Round "10"]
[White "Baumstark, Gertrude"]
[Black "Bos Swiecik, Iwona"]
[Result "1-0"]
[WhiteElo "2225"]
[BlackElo "2200"]
[PlyCount "61"]
[EventDate "1987.10.??"]
[EventType "tourn"]
[EventRounds "11"]
[EventCountry "DDR"]
[SourceTitle "EXT 1997"]
[Source "ChessBase"]
[SourceDate "1996.11.15"]
[SourceVersion "1"]
[SourceVersionDate "1996.11.15"]
[SourceQuality "1"]

1. e4 c5 2. Nf3 Nc6 3. Bb5 e6 4. Bxc6 bxc6 5. 0-0 d6 6. d4 cxd4 7. Qxd4 e5 8. Qd3 Be7 9. c4 Nf6 10. Nc3 0-0 11. Bg5 h6 12. Bxf6 Bxf6 13. Rfd1 Be7 14. c5 dxc5 15. Qxd8 Rxd8 16. Nxe5 Rxd1+ 17. Rxd1 Bf6 18. Nxc6 Be6 19. e5 Bg5 20. Nd5 Rf8 21. h4 Bxd5 22. Rxd5 Bc1 23. b3 Ba3 24. Rd7 c4 25. bxc4 a5 26. Nxa5 Rc8 27. Rb7 Rd8 28. Nb3 Bb2 29. f4 Ra8 30. c5 Rxa2 31. c6 1-0

[Event "Naleczow (Women) "]
[Site "Naleczow"]
[Date "1987.??.??"]
[Round "9"]
[White "Baumstark, Gertrude"]
[Black "Kaczorowska, Barbara"]
[Result "1-0"]
[WhiteElo "2225"]
[BlackElo "2155"]
[PlyCount "45"]
[EventDate "1987.07.??"]
[EventType "tourn"]
[EventRounds "11"]
[EventCountry "POL"]
[SourceTitle "EXT 2001"]
[Source "ChessBase"]
[SourceDate "2000.11.22"]
[SourceVersion "1"]
[SourceVersionDate "2000.11.22"]
[SourceQuality "1"]

1. e4 c6 2. d4 d5 3. Nc3 dxe4 4. Nxe4 Bf5 5. Ng3 Bg6 6. Bc4 e6 7. N1e2 Ne7 8. 0-0 Nf5 9. Nxf5 Bxf5 10. Ng3 Bg6 11. f4 Bd6 12. f5 exf5 13. Nxf5 Bxf5 14. Rxf5 0-0 15. Qf3 Qc7 16. Bf4 Bxf4 17. Rxf4 c5 18. Rxf7 Rxf7 19. Rf1 Nc6 20. Bxf7+ Kh8 21. Be8 Ne7 22. Qf8+ Ng8 23. Rf7 1-0

[Event "Balatonfured zt (Women)"]
[Site "Balatonfured"]
[Date "1987.??.??"]
[Round "?"]
[White "Baumstark, Gertrude"]
[Black "Kubikova, Hana"]
[Result "1/2-1/2"]
[WhiteElo "2080"]
[BlackElo "2145"]
[PlyCount "53"]
[EventDate "1987.??.??"]
[EventType "tourn"]
[EventRounds "17"]
[EventCountry "HUN"]
[EventCategory "1"]
[SourceTitle "EXT 1997"]
[Source "ChessBase"]
[SourceDate "1996.11.15"]
[SourceVersion "1"]
[SourceVersionDate "1996.11.15"]
[SourceQuality "1"]

1. e4 c5 2. Nf3 d6 3. d4 cxd4 4. Nxd4 Nf6 5. Nc3 a6 6. Be2 e6 7. 0-0 Be7 8. f4 0-0 9. Kh1 Qc7 10. a4 Nc6 11. Be3 Re8 12. Bd3 Nxd4 13. Bxd4 e5 14. Be3 Be6 15. Qf3 Rac8 16. fxe5 dxe5 17. Bg5 Rcd8 18. Bxf6 Bxf6 19. Nd5 Bxd5 20. exd5 Rd6 21. c4 b6 22. Rac1 Qe7 23. Qe4 g6 24. b4 Red8 25. Bc2 Bg5 26. Rce1 Rf6 27. Rxf6 1/2-1/2

[Event "Naleczow (Women) "]
[Site "Naleczow"]
[Date "1987.??.??"]
[Round "1"]
[White "Baumstark, Gertrude"]
[Black "Maskova, Jana"]
[Result "0-1"]
[WhiteElo "2225"]
[BlackElo "2165"]
[PlyCount "106"]
[EventDate "1987.07.??"]
[EventType "tourn"]
[EventRounds "11"]
[EventCountry "POL"]
[SourceTitle "EXT 2001"]
[Source "ChessBase"]
[SourceDate "2000.11.22"]
[SourceVersion "1"]
[SourceVersionDate "2000.11.22"]
[SourceQuality "1"]

1. e4 e5 2. Nf3 Nc6 3. Bb5 a6 4. Ba4 Nf6 5. d4 exd4 6. 0-0 Be7 7. Re1 0-0 8. e5 Ne8 9. Bf4 d5 10. Bxc6 bxc6 11. Nxd4 Bd7 12. Nc3 c5 13. Nb3 c4 14. Nc1 c6 15. N1e2 Nc7 16. Be3 Rb8 17. Na4 Ne6 18. b3 cxb3 19. axb3 f6 20. exf6 Bxf6 21. Nd4 Qc8 22. Nxe6 Bxe6 23. Bd4 Bf5 24. Bxf6 Rxf6 25. Nc5 Qf8 26. Qd4 Rb5 27. b4 Bc8 28. c3 Rg6 29. Re3 Rg4 30. Qe5 h6 31. Ne6 Qe7 32. Nd4 Qxe5 33. Rxe5 Rxd4 34. cxd4 Kf7 35. Ra4 a5 36. Re3 axb4 37. Rb3 c5 38. dxc5 Rxc5 39. f3 Rc1+ 40. Kf2 Rc2+ 41. Kg3 Bf5 42. Rbxb4 Bd3 43. Ra7+ Kf6 44. Rb6+ Kf5 45. Rxg7 Bf1 46. Kh3 d4 47. Rf7+ Ke5 48. f4+ Kd5 49. Rd7+ Ke4 50. Re6+ Kf5 51. Re1 Rc3+ 52. Kh4 Bxg2 53. Rf7+ Kg6 0-1